000 01567 a2200253 4500
003 Nust
005 20221020114447.0
010 _a 88002917
020 _a0070799237 :
040 _cNust
082 0 0 _a620.105,BEE
100 1 _aBeer, Ferdinand Pierre,
_937595
245 1 0 _aVector mechanics for engineers :
_pStatics and dynamics /
_cFerdinand P. Beer, E. Russell Johnston, Jr.
250 _a5th ed.
260 _aNew York :
_bMcGraw-Hill,
_cc1988.
300 _axxii, 1026 p. :
_bill. (some col.) ;
_c24 cm.
505 _aIntroduction (Page-1), Statics of Particles (Page-14), Rigid Bodies: Equivalent Systems of Forces (Page-59), Equilibrium of Rigid Bodies (Page-126), Distributed Forces: Centroids and Centres of Gravity (Page-170), Analysis of Structures (Page-222), Forces in Beams and Cables (Page-276), Friction (Page-317), Distributed Forces: Moments of Inertia (Page-363), Method of Virtual Work (Page-426), Kinematic of Particles (Page-459), Kinetics of Particles: Newton’s Second Law (Page-525), Kinetics of Particles: Energy and Momentum Methods (Page-573), Systems of Particles (Page-652), Kinematic of Rigid Bodies (Page-702), Plane Motion of Rigid Bodies: Forces and Accelerations (Page-784), Plane Motion of Rigid Bodies: Energy and Momentum Methods (Page-835), Kinetics of Rigid Bodies in Three Dimensions (Page-890), Mechanical Vibrations (Page-942)
650 0 _aDynamics.
650 0 _aMechanics, Applied.
650 0 _aStatics.
650 0 _aVector analysis.
700 1 _aJohnston, E. Russell
_d1925-
_9100964
942 _2ddc
_cBK
999 _c182863
_d182863